Records and Information Management: Fundamentals of Professional Practice (Record no. 2614)

MARC details
005 - DATE AND TIME OF LATEST TRANSACTION
control field 20250524095024.0
020 ## - INTERNATIONAL STANDARD BOOK NUMBER
International Standard Book Number 978-1-5381-5254-6
082 ## - DEWEY DECIMAL CLASSIFICATION NUMBER
Classification number 658.4
100 ## - MAIN ENTRY--PERSONAL NAME
Author name SAFFADY, W.
245 ## - TITLE STATEMENT
Title Records and Information Management: Fundamentals of Professional Practice
250 ## - EDITION STATEMENT
Edition statement 4th Ed.
260 ## - PUBLICATION, DISTRIBUTION, ETC.
Place of publication, distribution, etc. London,
Name of publisher, distributor, etc. Rowman& Littlefield,
Date of publication, distribution, etc. 2021.
300 ## - PHYSICAL DESCRIPTION
Extent xi,203p.;
Other physical details ill.;
Dimensions 24cm.
942 ## - ADDED ENTRY ELEMENTS (KOHA)
Source of classification or shelving scheme Dewey Decimal Classification
Koha item type Books
Holdings
Date last seen Total checkouts Barcode Cost, replacement price Price effective from Koha item type Lost status Source of classification or shelving scheme Damaged status Not for loan Withdrawn status Home library Current library Shelving location Date acquired Cost, normal purchase price
05/24/2025   DOM00031 450072.00 05/24/2025 Books   Dewey Decimal Classification       CBE Dodoma CBE Dodoma Special Reserve Collection 03/12/2025 150024.00